La Dinàmica de grup i l'educació (I) / Pere Arnaiz i Pascual
Descripción Física:
63 f. ; 29'5 cm
Materias:
Dinàmica de grups
MARC
| LEADER | 00000nam a2200000Ia 4500 | ||
|---|---|---|---|
| 001 | 8409 | ||
| 008 | 160829s1985 xx 000 0 cat d | ||
| 080 | |a E-1-160 | ||
| 100 | |a Arnaiz, Pere |9 23787 | ||
| 245 | |a La Dinàmica de grup i l'educació (I) / Pere Arnaiz i Pascual | ||
| 260 | |a Barcelona : |b Diputació. Servei d'Ensenyament i Investigació, |c 1985 | ||
| 300 | |a 63 f. ; |c 29'5 cm | ||
| 650 | |a Dinàmica de grups |9 23788 | ||
| 710 | 1 | |a Barcelona (Catalunya : Província). |b Servei d'Ensenyament i Investigació |9 54366 | |
| 901 | |a Arxiu | ||
| 942 | |n 1 | ||
| 952 | |0 0 |1 0 |4 0 |6 E1160 |7 1 |9 42856 |a Arxiu |b Arxiu |d 2016-12-01 |l 0 |o E-1-160 |p 8409 |r 2016-12-01 00:00:00 |w 2016-12-01 |y ARXIU | ||
| 999 | |c 45362 |d 45362 | ||